Tecnologías del yo y otros textos afines
Պահպանված է:
| Հիմնական հեղինակ: | |
|---|---|
| Ձևաչափ: | Գիրք |
| Լեզու: | Undetermined |
| Հրապարակվել է: |
Barcelona, España
Ediciones Paidós Ibérica
1990
|
| Խորագրեր: | |
| Ցուցիչներ: |
Ավելացրեք ցուցիչ
Չկան պիտակներ, Եղեք առաջինը, ով նշում է այս գրառումը!
|
MARC
| LEADER | 00000nam a2200000Ia 4500 | ||
|---|---|---|---|
| 008 | 170316s9999 xx 000 0 und d | ||
| 090 | |a 100 F-21t | ||
| 100 | |a Foucault, Michel | ||
| 245 | |a Tecnologías del yo y otros textos afines | ||
| 260 | |a Barcelona, España | ||
| 260 | |b Ediciones Paidós Ibérica | ||
| 260 | |c 1990 | ||
| 300 | |a 150 páginas | ||
| 650 | |a FILOSOFÍA | ||
| 650 | |a TECNOLOGÍAS DEL YO | ||
| 650 | |a RAZÓN POLÍTICA | ||
| 650 | |a VERDAD | ||
| 650 | |a INDIVIDUO | ||
| 650 | |a PODER | ||
| 650 | |a MICHEL FOUCAULT | ||
| 650 | |a RUX MARTIN | ||
| 999 | |c 16169 |d 16169 | ||
| 040 | |a cru BVZT | ||
| 942 | |c 15 D |h 100 F-21t |2 z | ||
